Responses for Show #1602 - Tuesday, July 16, 1991

1991 Seniors Tournament semifinal game 2.

Contestants

[<< previous game]

Henry Wold, a retired Marine Corps officer from Darien, Connecticut

Val Sullivan, a retired history teacher from Brooklyn, New York

Mary Webster, a Social Security quality assessor from Los Angeles, California

[next game >>]

Jeopardy! Round responses

THE 1890s
MAMMALS
QUOTES
FACTS & FIGURES
TRAVEL & TOURISM
REX HARRISON
    $100 2
the Gideon Society

Val
    $100 1
an anteater

Henry
    $100 17
hide

Val
    $100 20
Antarctica

Val
    $100 8
Morocco

Henry
    $100 7
Liverpool

Mary
    $200 3
the Rough Riders

Val
    $200 13
a leopard

Mary
    $200 18
the Rhine

Henry
    $200 27
California

Henry
    $200 9
sake

Val
    $200 21
(Mary: What is Caesar and Cleopatra?)

Cleopatra

MaryVal
    $500 4
(Val: No idea.)
(Alex: He's known as the [*]; hence the term, yellow journalism.)

the Yellow Kid

Val
    $300 14
curls up (into a ball)

Mary
    $300 19
the road

Mary
    $300 28
Harvard

Val
    $300 10
Mahatma Gandhi

Val
    $300 22
Reginald

Henry
    $400 5
the Klondike

Val
    $400 15
an otter

Mary
    $400 25
Marx & Engels

Val
    $400 29
pi

Mary
    $400 11
the Hermitage

Henry
    $400 23
Noel Harrison

Val
    $500 6
(Alex: Yes, Queen Liliʻuokalani.)

Hawaii

Val
    $500 16
hair

Henry
    $500 26
Thomas Jefferson

Val
    $500 30
the Teamsters

Val
    $500 12
Victoria Falls

Mary
    $500 24
Henry VIII

Val

Scores at the first commercial break (after clue 12):

Mary Val Henry
$600 $1,200 $600

Scores at the end of the Jeopardy! Round:

Mary Val Henry
$2,000 $4,200 $1,800

Double Jeopardy! Round responses

WOMEN AUTHORS
BOTANY
ARTISTS
BROADWAY MUSICALS
LANGUAGES
THE VIETNAM WAR
    $200 2
the Roman Catholic religion

Val
    $200 4
(Val: What is the flower?)

the leaf

MaryVal
    $200 9
Michelangelo

Henry
    $200 20
The Teahouse of the August Moon

Henry
    $200 16
Swedish

Henry
    $200 1
Ho Chi Minh

Mary
    $400 3
George Orwell

Mary
    $400 5
chestnut

Mary
    $400 11
Gauguin

Mary
    $400 30
Wholesale

Val
    $400 23
Paraguay

Henry
    $400 10
the Pentagon Papers

Mary
    $600 15
Sinclair Lewis

Mary
    $600 6
coconut

Mary
    $600 12
Picasso

Mary
    $600 29
Eugene O'Neill

Val
    $600 24
Afrikaans

Henry
    $600 17
My Lai

Val
    $800 18
Life

Val
    $800 7
pine

Mary
    $2,000 13
Vincent van Gogh

Mary
    $800 28
black

Mary
    $3,000 25
(Henry: Hawaiian. What is Hawaiian?)
(Alex: No, sorry. That was "My Melody Of Love" by Bobby Vinton and Bobby Vinton fans know that he was of [*] descent and the language was [*].)

Polish

Henry
    $800 21
Hamburger Hill

Henry
    $1000 19
Colette

Val
    $1000 8
[Applause for Mary running the category]

nightshade

Mary
    $1000 14
Pissarro

Val
    $1000 27
Kismet

Val
    $1000 26
English

Henry
    $1000 22
(Henry: What is Cam Ranh Bay?)

Da Nang

Henry
Triple Stumper

Scores at the end of the Double Jeopardy! Round:

Mary Val Henry
$10,400 $9,600 $1,200

[wagering suggestions for these scores]

Final Jeopardy! Round responses

HISTORIC NAMES
HenryWho was Woodrow Wilson
$1,000
ValWho Woodrow Wilson?
$7,201
MaryWho was Woodrow Wilson
$10,000
Woodrow Wilson

Final scores:

Mary Val Henry
$20,400 $16,801 $2,200
Finalist 2nd place: $5,000 3rd place: $5,000

Game dynamics:

Coryat scores:

Mary Val Henry
$9,200 $10,100 $4,200
20 R
(including 1 DD),
1 W
23 R,
2 W
(including 1 DD)
14 R,
2 W
(including 1 DD)

Combined Coryat: $23,500

[game clues] [game scores] [suggest correction]

Game tape date: 1991-03-26
The J! Archive is created by fans, for fans. Scraping, republication, monetization, and malicious use prohibited; this site may use cookies and collect identifying information. See terms. The Jeopardy! game show and all elements thereof, including but not limited to copyright and trademark thereto, are the property of Jeopardy Productions, Inc. and are protected under law. This website is not affiliated with, sponsored by, or operated by Jeopardy Productions, Inc. Join the discussion at JBoard.tv.